Países de habla inglesa - Estadísticas

Estadísticas generales
  • Esta prueba ha sido intentada 25 veces
  • La puntuación promedio es 42 de 60
Estadísticas de respuestas
País % Correcto
Estados Unidos
100%
Reino Unido
100%
Australia
96%
Canadá
96%
Irlanda
96%
Nueva Zelanda
96%
Sudáfrica
92%
Tuvalu
88%
Islas Salomón
83%
Kiribati
83%
Nauru
83%
Vanuatu
83%
Fiyi
79%
Islas Marshall
79%
Jamaica
79%
Kenia
79%
Tonga
79%
Botsuana
75%
Estados Federados de Micronesia
75%
Palaos
75%
Samoa
75%
San Cristóbal y Nieves
75%
San Vicente y las Granadinas
75%
Antigua y Barbuda
71%
Belice
71%
Camerún
71%
Granada
71%
Guyana
71%
India
71%
Tanzania
71%
Trinidad y Tobago
71%
Zimbabue
71%
Lesoto
67%
Liberia
67%
Namibia
67%
Nigeria
67%
Santa Lucía
67%
Singapur
67%
Zambia
67%
Bahamas
63%
Barbados
63%
Malta
63%
Papúa Nueva Guinea
63%
Ruanda
63%
Sierra Leona
63%
Sudán del Sur
63%
Dominica
58%
Mauricio
58%
Sri Lanka
58%
Uganda
58%
Filipinas
54%
Ghana
54%
Suazilandia
54%
Malasia
50%
Seychelles
50%
Brunéi
46%
Malaui
46%
Pakistán
46%
Gambia
42%
Eritrea
38%
No se encontraron pruebas coincidentes
Distribución de puntuación
Porcentaje de gente con cada puntuación
Porcentaje por número respondido
Historial de tus puntuaciones
No has intentado esta prueba.